Экономические, юридические и социокультурные аспекты развития региона. Ч. 1: Правовые и экономические вопросы развития региона (Запись № 499506)

Подробности
000 -МАРКЕР
контрольное поле 01678nam2a2200325 4500
001 - ИДЕНТИФИКАТОР ЗАПИСИ
контрольное поле RU\NLR\bibl\1295463
005 - ИДЕНТИФИКАТОР ВЕРСИИ
контрольное поле 20250615145510.0
010 ## - МЕЖДУНАРОДНЫЙ СТАНДАРТНЫЙ НОМЕР КНИГИ (ISBN)
Номер (ISBN) 978-5-903270-04-0
Тираж 300
021 ## - НОМЕР ГОСУДАРСТВЕННОЙ РЕГИСТРАЦИИ
Код страны Российская Федерация
Номер 2008-78441
Номер Листа государственной регистраци 4557
021 ## - НОМЕР ГОСУДАРСТВЕННОЙ РЕГИСТРАЦИИ
Код страны Российская Федерация
Номер 2009-37528
Номер Листа государственной регистраци 2277
035 ## - ДРУГИЕ СИСТЕМНЫЕ НОМЕРА
Идентификатор записи (NLR Aleph) 001281094
100 ## - ДАННЫЕ ОБЩЕЙ ОБРАБОТКИ
Данные общей обработки 20081118d2008 |||y0rusy50 ca
101 0# - ЯЗЫК РЕСУРСА
Язык текста, звукозаписи и т.д. русский
102 ## - СТРАНА ПУБЛИКАЦИИ ИЛИ ПРОИЗВОДСТВА
Страна публикации Российская Федерация
105 ## - ПОЛЕ КОДИРОВАННЫХ ДАННЫХ: ТЕКСТОВЫЕ МАТЕРИАЛЫ, МОНОГРАФИЧЕСКИЕ
Кодированные данные о монографическом текстовом документе a |||||||||
200 1# - ЗАГЛАВИЕ И СВЕДЕНИЯ ОБ ОТВЕТСТВЕННОСТИ
Основное заглавие Правовые и экономические вопросы развития региона
210 ## - ПУБЛИКАЦИЯ, РАСПРОСТРАНЕНИЕ И ДР.
Дата издания, распространения и т.д. 2008
Место издания, распространения и т.д. Б. м.
215 ## - ФИЗИЧЕСКАЯ ХАРАКТЕРИСТИКА
Специфическое обозначение материала и объем 324, [4] с.
Другие сведения о физической характеристике ил.
320 ## - ПРИМЕЧАНИЯ О НАЛИЧИИ В ДОКУМЕНТЕ БИБЛИОГРАФИИ / УКАЗАТЕЛЯ
Текст примечания Библиогр. в конце тр.
461 #0 - УРОВЕНЬ НАБОРА
Встроенное поле 001RU\NLR\bibl\1355343
-- 2001#$aЭкономические, юридические и социокультурные аспекты развития региона$vЧ. 1
Системный номер (АБИС) связанной записи 857067
Место публикации Челябинск
Дата публикации 2008
Первые сведения об ответственности НОУ Челяб. ин-т экономики и права им. М.В. Ладошина
Имя издателя, распространителя и т.д. НОУ Челябинский институт экономики и права
Сведения, относящиеся к заглавию сборник научных трудов : [в 2-х ч.]
Заглавие Экономические, юридические и социокультурные аспекты развития региона
Номер тома Ч. 1
606 1# - НАИМЕНОВАНИЕ ТЕМЫ КАК ПРЕДМЕТ
Наименование темы Право
Формальный подзаголовок Сборники
Географический подзаголовок Российская Федерация
Системный номер авторитетной/нормативной записи 2070216
Идентификатор авторитетной/нормативной записи RU\NLR\auth\661244932
607 ## - ГЕОГРАФИЧЕСКОЕ НАИМЕНОВАНИЕ КАК ПРЕДМЕТ
Географическое наименование Челябинская область
Формальный подзаголовок Сборники
Тематический подзаголовок Народное хозяйство
Системный номер авторитетной/нормативной записи 1596504
Идентификатор авторитетной/нормативной записи RU\NLR\auth\66702250
686 ## - ИНДЕКСЫ ДРУГИХ КЛАССИФИКАЦИЙ
Индекс Х62я43
686 ## - ИНДЕКСЫ ДРУГИХ КЛАССИФИКАЦИЙ
Индекс У03(2Р-4Че)74я43
801 #0 - ИСТОЧНИК ЗАПИСИ
Страна Российская Федерация
Организация NLR
Дата составления 20081118
Правила каталогизации RCR
801 #1 - ИСТОЧНИК ЗАПИСИ
Страна Российская Федерация
Организация NLR
Дата составления 20081118
942 ## - ДОПОЛНИТЕЛЬНЫЕ ЭЛЕМЕНТЫ ЗАПИСИ (АБИС)
Тип экземпляра АБИС Книга
980 ## - КОЛЛЕКЦИЯ
Название коллекции Национальная библиография
Экземпляры
Тип экземпляра Дата поступления Источник поступления Библиотека постоянного хранения Библиотека текущего хранения Место хранения Шифр хранения Штрих-код Статус экземпляра
Книга 18.11.2008 Обязательный экземпляр РНБ (Московский) РНБ (Московский) Русский книжный фонд: издания с 1957 года 2008-3/33882 2792517  
Книга 18.11.2008 Обязательный экземпляр РНБ (Московский) РНБ (Московский) Русский книжный фонд: издания с 1957 года 2008-3/33882 2792518  
Книга 03.07.2009 Обязательный экземпляр РНБ (Московский) РНБ (Московский) Обменный фонд   2954327  
Книга 03.07.2009 Обязательный экземпляр РНБ (Московский) РНБ (Московский) Обменный фонд   2954328